000
00303nam a2200121Ia 4500
008
190216s9999||||xx |||||||||||||| ||und||
100
_a
Agarwal Op
245
0
_a
Success In Competitions
260
_b
"Avadh Prakashan , Agra"
_c
1985
300
_a
156p
650
_a
Competitive Examination
942
_c
REF
999
_c
35646
_d
35646